Potrebujete ľudí na správnom mieste. Revolúcia zručností prichádza...?

Top trendy pre firmy, ktoré chcú diktovať trendy v inovatívnom riadení.

Guardado en:
Detalles Bibliográficos
Formato: Capítulo de libro
Lenguaje:eslovaco
Materias:
Etiquetas: Agregar Etiqueta
Sin Etiquetas, Sea el primero en etiquetar este registro!

MARC

LEADER 00000naa a2200000 4500
001 0241403
005 20180322135923.8
041 0 |a slo 
044 |a SK 
245 1 0 |a Potrebujete ľudí na správnom mieste. Revolúcia zručností prichádza...? 
520 |a Top trendy pre firmy, ktoré chcú diktovať trendy v inovatívnom riadení. 
610 2 0 |a talenty 
610 2 0 |a riadenie ľudských zdrojov 
610 2 0 |a zručnosti 
610 2 0 |a inovácia 
610 2 0 |a manažment 
610 2 0 |a priemysel 4.0